000 00769nam a22002177a 4500
003 OSt
005 20240221101825.0
008 191203t xxu||||| |||| 00| 0 eng d
020 _a9781941332405
040 _cSADA
082 _a720.7117471
_bABS
245 0 0 _aAbstract MMXVII,Columbia GSAPP 2017
260 _aNew York:
_b Columbia University;
_c2017.
300 _a340p.:
_bill;
_c28 cm.
650 _aSchools of architecture
_zNew York
_9120977
650 _aArchitecture--Study and teaching (Graduate)
_9120980
650 _aColumbia University. Graduate School of Architecture, Planning, and Preservation
_9120978
710 1 _aAndraos,Amale
_9120979
942 _2ddc
_cREF
_aSADA
_kREF 720.7117471 ABS 2017
999 _c607960
_d607960